Information Retrieval Research (Record no. 31111)

MARC details
000 -LEADER
fixed length control field 00397nam a2200169Ia 4500
020 ## - INTERNATIONAL STANDARD BOOK NUMBER
ISBN 0-408-10775-8
100 ## - STATEMENT OF RESPONSIBILITY--MAIN AUTHOR NAME
Personal name R.N Oddy
245 #0 - TITLE STATEMENT
Title Information Retrieval Research
260 ## - PUBLICATION, DISTRIBUTION, ETC. (IMPRINT)
Place of publication London
260 ## - PUBLICATION, DISTRIBUTION, ETC. (IMPRINT)
Name of publisher Butterworth and co
260 ## - PUBLICATION, DISTRIBUTION, ETC. (IMPRINT)
Year of publication 1981
300 ## - PHYSICAL DESCRIPTION
Number of Pages 389 p
650 ## - SUBJECT ADDED ENTRY--TOPICAL TERM
Topical Term Information Retrieval
942 ## - ADDED ENTRY ELEMENTS (KOHA)
Koha item type Books
Holdings
Withdrawn status Lost status Source of classification or shelving scheme Damaged status Not for loan Permanent Location Current Location Date acquired Accession Number Price effective from Koha item type
    Library of Congress Classification     NILE UNIVERSITY OF NIGERIA - MAIN LIBRARY NILE UNIVERSITY OF NIGERIA - MAIN LIBRARY 04/23/2025 0001208 04/23/2025 Books